[Event "International Championship of Central S"]
[Site "Paracin"]
[Date "2014.07.08"]
[Round "6.27"]
[White "Dragojevic, Dragan"]
[Black "Tuovic, Milos"]
[Result "1-0"]
[WhiteElo "1953"]
[BlackElo "1750"]
[PlyCount "81"]
[EventDate "2014.07.04"]

1. e4 Nc6 2. c3 e5 3. Bc4 Bc5 4. b4 Bb6 5. d3 Nge7 6. Nf3 d6 7. Qb3 O-O 8. Ng5
Qe8 9. Be3 h6 10. Nf3 Bxe3 11. fxe3 a5 12. a4 axb4 13. cxb4 b6 14. O-O Kh7 15.
Nh4 f5 16. Nc3 Qh5 17. Nxf5 Bxf5 18. exf5 Rxf5 19. Rxf5 Nxf5 20. Bd5 Nfe7 21.
Be4+ Kh8 22. Qc4 Qe8 23. Nd5 Rc8 24. Rc1 Nxd5 25. Bxd5 Nd8 26. Qa6 Qd7 27. Qa7
Ne6 28. h3 Rf8 29. Bxe6 Qxe6 30. Qxc7 b5 31. axb5 Qf6 32. Qc2 d5 33. Qe2 Rb8
34. Rc5 d4 35. Qf3 Qg6 36. e4 Qe8 37. Qf5 Ra8 38. b6 Qe7 39. Qxe5 Ra1+ 40. Kh2
Qb7 41. Rc7 1-0

[Event "International Championship of Central S"]
[Site "Paracin"]
[Date "2014.07.08"]
[Round "6.28"]
[White "Djordjevic, Lazar"]
[Black "Trifunovic, Borisav"]
[Result "0-1"]
[WhiteElo "1737"]
[BlackElo "1951"]
[PlyCount "148"]
[EventDate "2014.07.04"]

1. c4 Nf6 2. Nf3 e6 3. g3 d5 4. cxd5 exd5 5. d4 Nc6 6. Bg2 Bb4+ 7. Nc3 O-O 8.
O-O h6 9. Qc2 Re8 10. Re1 Bg4 11. Be3 Qd7 12. a3 Bf5 13. Qa4 Bf8 14. Qb3 Na5
15. Qb5 Nc4 16. Qxd7 Bxd7 17. Bf4 c6 18. Ne5 Nxe5 19. Bxe5 Ng4 20. Bf4 g5 21.
Bd2 f5 22. f3 Ne3 23. Bxe3 Rxe3 24. Kf2 f4 25. Rg1 Kf7 26. Nd1 Re7 27. e4 fxe3+
28. Nxe3 Rae8 29. Rge1 Bg7 30. Rad1 Bf6 31. g4 Kg6 32. Nc2 Rxe1 33. Rxe1 Rxe1
34. Kxe1 c5 35. Kd2 Ba4 36. Bf1 Bxc2 37. Kxc2 Bxd4 38. Bd3+ Kf6 39. b3 Ke5 40.
a4 Kf4 41. Be2 Ke3 42. Kd1 Bc3 43. h3 b6 44. Bb5 Kxf3 45. Bc6 Ke4 46. Kc2 Kd4
47. Bb7 Bb4 48. Kd1 Ke5 49. Kc2 Kd4 50. Kd1 c4 51. bxc4 dxc4 52. Kc2 Ba5 53.
Ba6 Kc5 54. Bb5 Kb4 55. Kb2 c3+ 56. Kc2 Ka3 57. Bc6 a6 58. Bd7 Kb4 59. Be8 Kc4
60. Bf7+ Kd4 61. Bg6 b5 62. axb5 axb5 63. Bd3 b4 64. Bf1 Ke3 65. Bc4 Kf2 66.
Bd3 Bc7 67. Bc4 Kg2 68. Kb3 Kxh3 69. Be6 Kh4 70. Bf5 Bd6 71. Kc2 h5 72. gxh5
Kxh5 73. Kd3 g4 74. Be6 Kg5 0-1

[Event "International Championship of Central S"]
[Site "Paracin"]
[Date "2014.07.08"]
[Round "6.29"]
[White "Vlajkovic, Stanko"]
[Black "Mijajlovic, Milutin"]
[Result "1/2-1/2"]
[WhiteElo "1946"]
[BlackElo "1750"]
[PlyCount "52"]
[EventDate "2014.07.04"]

1. e4 c5 2. c3 e5 3. g3 Nc6 4. Bg2 Nf6 5. Ne2 d6 6. h3 Be6 7. O-O d5 8. d3 dxe4
9. dxe4 Bc4 10. Qe1 Qd3 11. b3 Qxe2 12. bxc4 Qxc4 13. f4 O-O-O 14. Na3 Qa4 15.
Qe2 Bd6 16. Nc4 b5 17. Nb2 Qa5 18. a4 Qxc3 19. Qxb5 Kc7 20. Qc4 Qxc4 21. Nxc4
Rhe8 22. f5 Rb8 23. Bd2 Rb3 24. Kh2 Reb8 25. Rac1 Rd3 26. g4 h6 1/2-1/2

[Event "International Championship of Central S"]
[Site "Paracin"]
[Date "2014.07.08"]
[Round "6.30"]
[White "Rasic, Milovan"]
[Black "Radovanovic, Danko"]
[Result "0-1"]
[WhiteElo "1700"]
[BlackElo "1938"]
[PlyCount "120"]
[EventDate "2014.07.04"]

1. c4 c5 2. Nc3 Nc6 3. g3 g6 4. Bg2 Bg7 5. e3 Nf6 6. Nge2 d6 7. O-O O-O 8. a3
Bd7 9. Rb1 Rb8 10. b4 b6 11. b5 Na5 12. d3 Qc8 13. Bd2 Bh3 14. Nf4 Bxg2 15.
Kxg2 Qb7+ 16. f3 e6 17. Ne4 Nxe4 18. fxe4 Nxc4 19. dxc4 Qxe4+ 20. Kf2 Qxc4 21.
h4 h5 22. a4 Qe4 23. Rc1 d5 24. Qc2 Qxc2 25. Rxc2 Rfd8 26. Ne2 Rd7 27. Bc3 e5
28. Rfc1 d4 29. exd4 exd4 30. Rd2 Rd5 31. Bb2 Re8 32. Rcd1 Rf5+ 33. Kg2 Bh6 34.
Rc2 Rfe5 35. Kf2 Be3+ 36. Kg2 Re4 37. Rd3 f6 38. Kf3 g5 39. hxg5 fxg5 40. Bc1
g4+ 41. Kg2 Bxc1 42. Nxc1 Re3 43. a5 Kg7 44. axb6 axb6 45. Ra2 Re1 46. Rc2 Kg6
47. Kf2 Kf5 48. Re2 R8xe2+ 49. Nxe2 Rb1 50. Rd2 Kg5 51. Nf4 h4 52. Ne6+ Kf6 53.
Nf4 h3 54. Re2 h2 55. Re6+ Kf7 56. Rh6 h1=Q 57. Rxh1 Rxh1 58. Nd5 Rb1 59. Nxb6
Rxb5 60. Nc4 Ke6 0-1